000
00251nam a22001217a 4500
008
181221b xxu||||| |||| 00| 0 eng d
041
_a
eng
080
_a
573
100
_a
11
101
_a
BIO
245
_a
Microbilogy
_c
Burton.E.P
942
_2
udc
_c
BK
999
_c
53589
_d
53589